Z NAJ zbierkových predmetov múzea

Bibliographic Details
Main Author: Tomány, Karol (Author)
Format: Article
Language:Slovak
PhysicalDescription:Fotogr.
Subjects:

MARC

LEADER 00000nab a2200000 ar4500
001 vtls010499939
003 SK-MaSNL
005 20260304235726.0
008 130327c2012 xo r|p|||||||000 b|slo
038 |a RVGKPD 
040 |a RVGKPD  |b slo  |c RVGKPD  |e AACR2 
041 |a slo 
044 |a xo  |c SK 
080 |a 069.02:622  |2 1997 
080 |a 069.5  |2 1997 
100 1 |a Tomány, Karol  |4 aut  |9 346735 
245 1 0 |a Z NAJ zbierkových predmetov múzea  |c foto K. Tomány 
300 |b Fotogr. 
610 2 7 |a Banícke múzeum v Rožňave  |2 rvgkpd  |9 234684 
650 0 7 |a múzejné zbierky  |2 rvgkpd  |9 69988 
651 7 |a Rožňava (Slovensko)  |2 rvgkpd  |9 17394 
773 0 |t Múzejné noviny  |g (december 2012), s. 8 
852 |a RVGKPD  |b KIS3G 
992 |a RBX 
999 |c 3210195  |d 3212125